Sports Quiz

Random Sports or NFL Quiz

NFL #2 Draft Picks Quiz Stats

 Plays Quiz Updated Apr 25, 2019

Score 0/40 Timer 08:00
7 Plays Today
Year (Position Team) #2 Pick % Correct
2012 (QB Redskins)Robert Griffin III
92.6%
2018 (RB Giants)Saquon Barkley
92.1%
2015 (QB Titans)Marcus Mariota
91.3%
2007 (WR Lions)Calvin Johnson
91.1%
2016 (QB Eagles)Carson Wentz
90.4%
2019 (DE 49ers)Nick Bosa
85.8%
2010 (DT Lions)Ndamukong Suh
84.2%
2017 (QB Bears)Mitchell Trubisky
83.6%
2006 (RB Saints)Reggie Bush
80.4%
1999 (QB Eagles)Donovan McNabb
78.8%
2011 (OLB Broncos)Von Miller
77.8%
1998 (QB Chargers)Ryan Leaf
76.9%
2008 (DE Rams)Chris Long
76.2%
2002 (DE Panthers)Julius Peppers
64.5%
2005 (RB Dolphins)Ronnie Brown
59.4%
1994 (RB Colts)Marshall Faulk
50.6%
1983 (RB Rams)Eric Dickerson
48.8%
2009 (OT Rams)Jason Smith
48.4%
1988 (DE Chiefs)Neil Smith
48.3%
1981 (OLB Giants)Lawrence Taylor
47.3%
Year (Position Team) #2 Pick % Correct
2014 (OT Rams)Greg Robinson
45.7%
2003 (WR Lions)Charles Rogers
43.3%
2000 (OLB Redskins)LaVar Arrington
39.8%
2004 (OT Raiders)Robert Gallery
37.8%
1993 (QB Seahawks)Rick Mirer
36.3%
2013 (OT Jaguars)Luke Joeckel
36.2%
1990 (RB Jets)Blair Thomas
31.3%
1995 (OT Jaguars)Tony Boselli
30.5%
1989 (OT Packers)Tony Mandarich
24.4%
1980 (WR Jets)Lam Jones
24.1%
2001 (OT Cardinals)Leonard Davis
14%
1996 (OLB Jaguars)Kevin Hardy
12.3%
1992 (MLB Colts)Quentin Coryatt
10.7%
1997 (DT Raiders)Darrell Russell
9.2%
1991 (S Browns)Eric Turner
6.5%
1987 (OLB Colts)Cornelius Bennett
6.3%
1985 (G Falcons)Bill Fralic
6.1%
1984 (OT Oilers)Dean Steinkuhler
3%
1986 (DT Falcons)Tony Casillas
2.8%
1982 (OLB Colts)Johnie Cooks
1.8%

You're not logged in!

Compare scores with friends on all Sporcle quizzes.
OR
Log In

Sporcle TV

Today on Sporcle TV


Watch our educational content, quiz creation guides, and fun videos on Sporcle TV.

Show Comments

Extras

Top Quizzes Today


Score Distribution

Your Account Isn't Verified!

In order to create a playlist on Sporcle, you need to verify the email address you used during registration. Go to your Sporcle Settings to finish the process.

Report this User

Report this user for behavior that violates our Community Guidelines.

Details: